00513 a2200169 450000100060000002000160000604000240002210000200004624000560006624500510012230000070017336200090018065000240018994200070021395201060022099900170032668794 a857208441-X cAnchieta - Itaigara aSorrente, Neusa10aChorinho de riacho e outros poemas para cantarlpor10aChorinho de riacho e outros poemas para cantar a310 a2006 4aLiteratura infantil cBK 00104070a88.1b88.1d2023-11-21l0oLI 028.5 SOR CHOp496/ITAr2023-11-21 20:03:05w2023-11-21yBK c68794d68794